Agricultural land market in Slovakia

V poslednom období bola na Slovensku zaznamenaná zvýšená dynamika trhu s poľnohospodárskou pôdou. Zapríčinil to najmä vstup veľkých zahraničných investorov na Slovensko, najmä automobiliek, ktoré vykúpili poľnohospodársku pôdu na ich výstavbu. V dôsledku toho sa zvýšila cena týchto pozemkov. Z celos...

Descripción completa

Guardado en:
Detalles Bibliográficos
Autor principal: Buday, Štefan
Formato: Capítulo de libro
Lenguaje:inglés
Materias:
Etiquetas: Agregar Etiqueta
Sin Etiquetas, Sea el primero en etiquetar este registro!

MARC

LEADER 00000naa$a2200000$$$4500
001 0057169
005 20231128141214.2
041 0 |a eng 
044 |a CZ 
245 1 0 |a Agricultural land market in Slovakia  |c Štefan Buday 
520 |a V poslednom období bola na Slovensku zaznamenaná zvýšená dynamika trhu s poľnohospodárskou pôdou. Zapríčinil to najmä vstup veľkých zahraničných investorov na Slovensko, najmä automobiliek, ktoré vykúpili poľnohospodársku pôdu na ich výstavbu. V dôsledku toho sa zvýšila cena týchto pozemkov. Z celoslovenského pohľadu sú ceny poľnohospodárskych pozemkov, ktoré sú predávané na ďalšie poľnohospodárske využitie výrazne nižšie ako v krajinách EU 15 a tretie najnižšie v rámci nových členských krajín EU. 
610 2 0 |a pôda poľnohospodárska 
610 2 0 |a trh 
610 2 0 |a Slovensko 
610 2 0 |a ceny 
610 2 0 |a ceny trhové 
100 1 |a Buday, Štefan